=LDR 00000nam 2200000 4500 =001 INLIS000000000032397 =005 20160712123838.0 =006 =007 =008 ind =035 ##$$0010-061300000032397 =041 ##$$a ind =082 ##$$a 028.55 =090 ##$$a 028.55, Mua a =100 ##$$a Muakhir, Ali =245 ##$$a Aku Suka Bersedekah =260 ##$$a 2010 $b Jakarta =300 ##$$a 23 hlm., ilus., 20 cm =650 ##$$a Bacaan Anak-Anak =850 ##$$a NBPNMAT